[Event "HUN-chT2 Breyer 1718"]
[Site "Hungary"]
[Date "2018.03.25"]
[Round "10.8"]
[White "Andahazy, Kolos"]
[Black "Korodi, Mihaly"]
[Result "1-0"]
[WhiteElo "1893"]
[BlackElo "1816"]
[PlyCount "69"]
[EventDate "2017.09.24"]
[EventType "team-tourn"]
[EventRounds "11"]
[EventCountry "HUN"]
[SourceTitle "EXT 2021"]
[Source "ChessBase"]
[SourceDate "2020.10.23"]
[SourceVersion "1"]
[SourceVersionDate "2020.10.23"]
[SourceQuality "1"]
[WhiteTeam "Paty"]
[BlackTeam "Tatabanya Turul"]
[WhiteTeamCountry "HUN"]
[BlackTeamCountry "HUN"]

1. e4 c5 2. Nf3 d6 3. d4 cxd4 4. Nxd4 Nf6 5. Nc3 g6 6. Be2 Bg7 7. Be3 0-0 8. Qd2 Nc6 9. h3 Nxd4 10. Bxd4 Be6 11. Bf3 Qd7 12. 0-0 Rfc8 13. Nd5 Bxd5 14. exd5 Qb5 15. Rfe1 Rc7 16. b3 b6 17. c4 Qd7 18. a4 Ne8 19. Bg4 f5 20. Bf3 Bxd4 21. Qxd4 Nf6 22. Re3 Qe8 23. Rae1 Qf7 24. Re6 Re8 25. Qe3 Kf8 26. g4 fxg4 27. Bxg4 Kg7 28. Kh1 Kf8 29. f4 h5 30. Bd1 Qg7 31. Bc2 Nxd5 32. cxd5 Rxc2 33. f5 g5 34. f6 Qg6 35. fxe7+ 1-0

[Event "HUN-chT2 Breyer 1516"]
[Site "Hungary"]
[Date "2016.04.17"]
[Round "11.6"]
[White "Korodi, Mihaly"]
[Black "Ritter, Gabor"]
[Result "0-1"]
[WhiteElo "1841"]
[BlackElo "2069"]
[PlyCount "65"]
[EventDate "2015.09.13"]
[EventType "team-tourn"]
[EventRounds "11"]
[EventCountry "HUN"]
[SourceTitle "EXT 2017"]
[Source "ChessBase"]
[SourceDate "2016.10.25"]
[SourceVersion "1"]
[SourceVersionDate "2016.10.25"]
[SourceQuality "1"]
[WhiteTeam "Turul"]
[BlackTeam "Vizugy"]
[WhiteTeamCountry "HUN"]
[BlackTeamCountry "HUN"]

1. e4 c5 2. Nf3 e6 3. d4 cxd4 4. Nxd4 Nc6 5. Be2 Nf6 6. Nxc6 bxc6 7. Nd2 d5 8. e5 Nd7 9. Nf3 Ba6 10. 0-0 Bxe2 11. Qxe2 Be7 12. Be3 0-0 13. b3 Qc7 14. Bf4 Nc5 15. h3 Ne4 16. c4 Qb7 17. Nd2 Nxd2 18. Bxd2 Bb4 19. Bg5 Kh8 20. Rac1 a5 21. Rc2 c5 22. Qf3 Qd7 23. h4 h6 24. Bc1 d4 25. Rd1 Qc7 26. Qh5 f5 27. Bf4 Qf7 28. Qe2 a4 29. Rd3 axb3 30. Rxb3 Ra4 31. Rg3 Kh7 32. h5 Rfa8 33. Rg6 0-1

[Event "HUN-chT2 Breyer 1516"]
[Site "Hungary"]
[Date "2015.11.29"]
[Round "5.7"]
[White "Korodi, Mihaly"]
[Black "Kende, Gyorgy"]
[Result "0-1"]
[WhiteElo "1861"]
[BlackElo "2106"]
[PlyCount "50"]
[EventDate "2015.09.13"]
[EventType "team-tourn"]
[EventRounds "11"]
[EventCountry "HUN"]
[SourceTitle "CBM 170 Extra"]
[Source "ChessBase"]
[SourceDate "2016.02.25"]
[SourceVersion "1"]
[SourceVersionDate "2016.02.25"]
[SourceQuality "1"]
[WhiteTeam "Turul"]
[BlackTeam "Biatorbagy"]
[WhiteTeamCountry "HUN"]
[BlackTeamCountry "HUN"]

1. e4 c6 2. d4 d5 3. Nc3 dxe4 4. Nxe4 Nf6 5. Nxf6+ exf6 6. Nf3 Bd6 7. Be2 0-0 8. 0-0 Re8 9. c4 Nd7 10. b3 Nf8 11. Bb2 Ng6 12. Re1 Nf4 13. Bf1 Bg4 14. Rxe8+ Qxe8 15. h3 Bh5 16. g3 Qe4 17. g4 Bg6 18. Nh4 Re8 19. Bc1 f5 20. Be3 fxg4 21. hxg4 h5 22. gxh5 Bxh5 23. Qb1 Qe7 24. Nf5 Qg5+ 25. Ng3 Rxe3 0-1

[Event "HUN-chT2 Breyer 1516"]
[Site "Hungary"]
[Date "2015.10.04"]
[Round "2.8"]
[White "Korodi, Mihaly"]
[Black "Karacsonyi, Gellert"]
[Result "1-0"]
[WhiteElo "1844"]
[BlackElo "2055"]
[PlyCount "125"]
[EventDate "2015.09.13"]
[EventType "team-tourn"]
[EventRounds "11"]
[EventCountry "HUN"]
[SourceTitle "CBM 170 Extra"]
[Source "ChessBase"]
[SourceDate "2016.02.25"]
[SourceVersion "1"]
[SourceVersionDate "2016.02.25"]
[SourceQuality "1"]
[WhiteTeam "Turul"]
[BlackTeam "Kobanya Aquarena"]
[WhiteTeamCountry "HUN"]
[BlackTeamCountry "HUN"]

1. e4 e6 2. d4 d5 3. Nc3 Bb4 4. e5 c5 5. a3 Bxc3+ 6. bxc3 Ne7 7. Nf3 Nbc6 8. Bd3 Qa5 9. 0-0 Bd7 10. Be3 Rc8 11. Rb1 c4 12. Be2 b6 13. Qd2 Nf5 14. Bf4 Qxa3 15. g4 Nh6 16. Bxh6 gxh6 17. Qxh6 Kd8 18. Ng5 Qe7 19. Qg7 Kc7 20. f4 h6 21. Nh3 Rcg8 22. Qf6 Qxf6 23. exf6 Rg6 24. f5 Rxf6 25. Nf4 Rg8 26. fxe6 fxe6 27. Nxd5+ exd5 28. Rxf6 Bxg4 29. Bxg4 Rxg4+ 30. Kf2 Rh4 31. Rf7+ Kd6 32. Kg3 Re4 33. Rbf1 Re3+ 34. R1f3 Re6 35. R3f6 a5 36. Rxe6+ Kxe6 37. Rb7 Kd6 38. Rxb6 Kc7 39. Rb1 Na7 40. Kf4 Kc6 41. Ke3 a4 42. Kd2 a3 43. Rf1 Nb5 44. Rf3 a2 45. Rf1 Na3 46. Ra1 Nb1+ 47. Kc1 h5 48. Rxa2 Nxc3 49. Ra6+ Kb5 50. Rh6 Kb4 51. Rb6+ Nb5 52. Rh6 Nxd4 53. Rxh5 Ne2+ 54. Kd2 Nc3 55. h4 Ne4+ 56. Kc1 d4 57. Re5 Nf2 58. Re2 Nh3 59. h5 d3 60. cxd3 Nf4 61. Rh2 cxd3 62. Rh4 Kc3 63. Rxf4 1-0

[Event "HUN-chT2 Breyer 1415"]
[Site "Hungary"]
[Date "2015.03.22"]
[Round "?"]
[White "Korodi, Mihaly"]
[Black "Halasz, Csaba"]
[Result "0-1"]
[WhiteElo "1846"]
[BlackElo "2092"]
[PlyCount "102"]
[EventDate "2014.09.07"]
[EventType "team-tourn"]
[EventRounds "11"]
[EventCountry "HUN"]
[SourceTitle "EXT 2016"]
[Source "ChessBase"]
[SourceDate "2015.10.08"]
[SourceVersion "1"]
[SourceVersionDate "2015.10.08"]
[SourceQuality "1"]
[WhiteTeam "Turul"]
[BlackTeam "MAFC"]
[WhiteTeamCountry "HUN"]
[BlackTeamCountry "HUN"]

1. e4 c5 2. Nf3 Nc6 3. d4 cxd4 4. Nxd4 e5 5. Nb5 d6 6. N1c3 a6 7. Na3 Be6 8. Nd5 Nf6 9. Bg5 Bxd5 10. Bxf6 Qa5+ 11. c3 Bxe4 12. Nc4 Qc7 13. Bg5 d5 14. f3 dxc4 15. fxe4 Be7 16. Be3 b5 17. Qg4 0-0 18. Be2 Nd8 19. 0-0 Bc5 20. Qg3 Ne6 21. Bxc5 Qxc5+ 22. Qf2 Rad8 23. Rfd1 Qxf2+ 24. Kxf2 Nc5 25. Ke3 g6 26. g4 f6 27. h3 Kf7 28. b3 cxb3 29. axb3 Ke7 30. b4 Na4 31. Rxd8 Rxd8 32. c4 Nc3 33. Bf1 bxc4 34. Bxc4 Rd4 35. Bd3 Rxb4 36. Rxa6 Nd1+ 37. Kd2 Nf2 38. Ra7+ Kd6 39. Ra6+ Ke7 40. Ra7+ Ke6 41. Bc2 Nxe4+ 42. Bxe4 Rxe4 43. Rxh7 f5 44. g5 f4 45. Rg7 Kf5 46. h4 Ra4 47. Ke2 Ra2+ 48. Kf1 e4 49. Rf7+ Kg4 50. Rf6 e3 51. h5 f3 0-1

[Event "HUN-chT2 Breyer 1415"]
[Site "Hungary"]
[Date "2015.03.01"]
[Round "?"]
[White "Molnar, Laszlo"]
[Black "Korodi, Mihaly"]
[Result "0-1"]
[WhiteElo "2071"]
[BlackElo "1846"]
[PlyCount "38"]
[EventDate "2014.09.07"]
[EventType "team-tourn"]
[EventRounds "11"]
[EventCountry "HUN"]
[SourceTitle "EXT 2016"]
[Source "ChessBase"]
[SourceDate "2015.10.08"]
[SourceVersion "1"]
[SourceVersionDate "2015.10.08"]
[SourceQuality "1"]
[WhiteTeam "Geniusz Tata"]
[BlackTeam "Turul"]
[WhiteTeamCountry "HUN"]
[BlackTeamCountry "HUN"]

1. e4 e5 2. Nf3 Nf6 3. Nc3 Nc6 4. d4 exd4 5. Nxd4 Bb4 6. Nxc6 Bxc3+ 7. bxc3 bxc6 8. Bd3 h6 9. 0-0 0-0 10. e5 Nd5 11. Qg4 d6 12. Qe4 f5 13. exf6 Qxf6 14. Qh7+ Kf7 15. Re1 Bd7 16. h4 Rh8 17. Bg5 hxg5 18. hxg5 Qxg5 19. Qe4 Rh4 0-1

[Event "HUN-chT2 Breyer 1213"]
[Site "Hungary"]
[Date "2013.04.07"]
[Round "10.6"]
[White "Nagy, Istvan"]
[Black "Korodi, Mihaly"]
[Result "0-1"]
[WhiteElo "1513"]
[BlackElo "1825"]
[PlyCount "76"]
[EventDate "2012.09.16"]
[EventType "team-tourn"]
[EventRounds "11"]
[EventCountry "HUN"]
[SourceTitle "EXT 2014"]
[Source "ChessBase"]
[SourceDate "2013.11.20"]
[SourceVersion "1"]
[SourceVersionDate "2013.11.20"]
[SourceQuality "1"]
[WhiteTeam "Szechenyi"]
[BlackTeam "Turul"]
[WhiteTeamCountry "HUN"]
[BlackTeamCountry "HUN"]

1. e4 e5 2. Nf3 Nf6 3. Nc3 Bb4 4. d3 d6 5. Be2 Bg4 6. h3 Bh5 7. 0-0 Nc6 8. Bg5 Bxc3 9. bxc3 h6 10. Bh4 g5 11. Bg3 Qd7 12. Nxe5 Nxe5 13. Bxh5 Nxh5 14. Qxh5 0-0-0 15. Bxe5 dxe5 16. Qg4 Qxg4 17. hxg4 Rd6 18. Rfe1 Rhd8 19. Rab1 Ra6 20. Rb2 Rdd6 21. Reb1 b6 22. Re1 Rc6 23. c4 Rc5 24. Re3 Kd7 25. Rh3 Rca5 26. Kf1 Rxa2 27. Rxa2 Rxa2 28. Ke1 Rxc2 29. Rxh6 a5 30. Rh8 Kc6 31. Rb8 Kc5 32. Rd8 a4 33. Ra8 Kb4 34. f3 a3 35. Kd1 Rxg2 36. Kc1 a2 37. c5 Kxc5 38. Rxa2 Rxa2 0-1

[Event "HUN-chT2 Breyer 1112"]
[Site "Hungary"]
[Date "2012.03.25"]
[Round "8.8"]
[White "Korodi, Mihaly"]
[Black "Marosi, Levente"]
[Result "0-1"]
[WhiteElo "1750"]
[BlackElo "1932"]
[PlyCount "104"]
[EventDate "2011.09.25"]
[EventType "team-tourn"]
[EventRounds "11"]
[EventCountry "HUN"]
[SourceTitle "EXT 2013"]
[Source "ChessBase"]
[SourceDate "2012.11.22"]
[SourceVersion "1"]
[SourceVersionDate "2012.11.22"]
[SourceQuality "1"]
[WhiteTeam "Turul"]
[BlackTeam "Geniusz Tata"]
[WhiteTeamCountry "HUN"]
[BlackTeamCountry "HUN"]

1. d4 Nf6 2. c4 g6 3. Nf3 Bg7 4. Nc3 0-0 5. e3 d6 6. Be2 Nc6 7. 0-0 e5 8. dxe5 dxe5 9. Qxd8 Rxd8 10. Nb5 Ne8 11. Rd1 Rxd1+ 12. Bxd1 Be6 13. Be2 a6 14. Nc3 h6 15. Rb1 f5 16. h3 Rd8 17. Ne1 e4 18. Na4 b6 19. b3 Nf6 20. Bb2 Rd2 21. Kf1 Nd7 22. Bxg7 Kxg7 23. Rb2 Rxb2 24. Nxb2 Nc5 25. Nc2 a5 26. Ke1 Kf6 27. Nd4 Nxd4 28. exd4 Na6 29. a3 Bc8 30. h4 g5 31. hxg5+ hxg5 32. Nd1 c6 33. Nc3 Nc7 34. g3 Be6 35. a4 Bf7 36. Kd2 Be6 37. Bd1 Bd7 38. Ke3 b5 39. Be2 b4 40. Nb1 Ne6 41. Nd2 c5 42. dxc5 Ke5 43. Bd1 f4+ 44. gxf4+ gxf4+ 45. Ke2 Nxc5 46. f3 e3 47. Nf1 Kd4 48. Nh2 Kc3 49. Ng4 Nxb3 50. Ne5 Nd4+ 51. Ke1 Be8 52. Nd3 Kxd3 0-1

[Event "HUN-chT2 Breyer 1112"]
[Site "Hungary"]
[Date "2012.01.29"]
[Round "5.8"]
[White "Korodi, Mihaly"]
[Black "Bodrogi, Mihaly"]
[Result "0-1"]
[WhiteElo "1750"]
[BlackElo "2057"]
[PlyCount "61"]
[EventDate "2011.09.25"]
[EventType "team-tourn"]
[EventRounds "11"]
[EventCountry "HUN"]
[SourceTitle "EXT 2013"]
[Source "ChessBase"]
[SourceDate "2012.11.22"]
[SourceVersion "1"]
[SourceVersionDate "2012.11.22"]
[SourceQuality "1"]
[WhiteTeam "Turul"]
[BlackTeam "BEAC II"]
[WhiteTeamCountry "HUN"]
[BlackTeamCountry "HUN"]

1. d4 c5 2. e3 e6 3. Nf3 d5 4. Be2 Nf6 5. 0-0 Nc6 6. Nc3 Be7 7. b3 0-0 8. Bb2 cxd4 9. exd4 Bd7 10. Rc1 Qa5 11. a4 Rfc8 12. Bb5 a6 13. Bxc6 Rxc6 14. Ne2 Rac8 15. Ng3 Bb4 16. Ne5 R6c7 17. f3 Bd2 18. Rb1 Rxc2 19. Nd3 Bc3 20. Ne2 Bxb2 21. Rxb2 Rxb2 22. Nxb2 b5 23. axb5 Bxb5 24. Re1 Qa2 25. Nd3 Nd7 26. Ndc1 Qb1 27. Nf4 Qb2 28. Nce2 Rc1 29. Nd3 Qxb3 30. Nexc1 Qc3 31. Nf4 0-1